Plats avec des Légumineuses - Mort Subite - Statistiques

Statistiques générales
  • Ce quiz a été pris 70 fois
  • Le résultat moyen est 3 sur 16
Answers on the Grid
Answers color-coded by a green-red scale on the quiz's grid according to % correct below.
Dal tadka et naan
Fèves au lard / Bines
Soupe aux gourganes
Fabada asturiana
Linsen mit Spätzle
Umngqusho
Pasta e fagioli
Falafel
Moujaddara
Socca
Feijoada brésilienne
Fabes con almejas
Lablabi
Hummus
Amanattō
Cassoulet
Kokotxas / Cocochas
Cacio e pepe
BLT
Salade alsacienne
Taboulé
Badische Schneckensuppe
Salade caprese
Salade malfouf
Hachis parmentier
Blanquette de veau
Krówki
Gnocchi alla romana
 
Statistiques - réponses
Réponse % Correct
Cassoulet
49%
Hummus
47%
Fèves au lard / Bines
38%
Falafel
36%
Feijoada brésilienne
19%
Socca
17%
Fabes con almejas
15%
Soupe aux gourganes
15%
Fabada asturiana
11%
Pasta e fagioli
11%
Lablabi
9%
Linsen mit Spätzle
9%
Dal tadka et naan
6%
Amanattō
4%
Moujaddara
4%
Umngqusho
0%
Aucun quiz correspondant
Distribution des résultats
% des personnes avec chaque résultat
Percentile par nombre de réponses
Votre historique - résultats
Vous n’avez pas pris ce quiz